| 000 | 01178nam a2200385 a 4500 | ||
|---|---|---|---|
| 001 | 9154 | ||
| 003 | FISKH | ||
| 005 | 20251126123818.0 | ||
| 008 | 841023s1986 nyua j 000 1 eng | ||
| 010 | _a 84072865 | ||
| 020 |
_a0307602745 _qlib. bdg. |
||
| 020 | _a0307020142 | ||
| 020 |
_a9780307602749 _q(lib. bdg.) |
||
| 020 | _a9780307020147 | ||
| 035 | _a954101 | ||
| 040 |
_aDLC _cDLC _dDLC _beng |
||
| 050 | 0 | 0 |
_aPZ7.N8113 _bFl 1986 |
| 082 | _2813.54 | ||
| 100 | 1 | _aNorth, Carol. | |
| 245 | 1 | 0 |
_aFlying is fun! / _cby Carol North ; illustrated by Terri Super. |
| 260 |
_aNew York : _bGolden Book, _c1986. |
||
| 300 |
_a24 unnumbered pages : _bcolor illustrations ; _c21 cm |
||
| 490 | 0 | _aLittle golden book | |
| 505 | _aN | ||
| 520 | _aA little boy enjoys his first trip by himself in an airplane when he goes to visit his cousin. | ||
| 521 | 8 |
_a530
_bLexile estimate |
|
| 521 | 8 |
_aN
_bRaz-Plus |
|
| 650 | 1 |
_aFlight _xFiction. |
|
| 650 | 1 |
_aAirplanes _xFiction. |
|
| 650 | 0 |
_aSelf-reliance _xFiction. |
|
| 700 | 1 |
_aSuper, Terri, _eillustrator |
|
| 906 |
_a7 _bcbc _corignew _d3 _eopcn _f19 _gy-gencatlg |
||
| 942 |
_2ddc _cBK _n0 |
||
| 999 |
_c9154 _d9154 |
||